Manual del jinete: alimentación y cuidado del caballo según el sistema francés, alemán, norteamericano y español y adaptado a los usos del país medicina veterinaria
Saved in:
| Hovedforfatter: | |
|---|---|
| Format: | Bog |
| Sprog: | spansk |
| Udgivet: |
Valparaíso
Sud-Americana de Barra
1904
|
| Fag: | |
| Tags: |
Tilføj Tag
Ingen Tags, Vær først til at tagge denne postø!
|
MARC
| LEADER | 00000nam a2200000 a 4500 | ||
|---|---|---|---|
| 001 | UCH8909 | ||
| 003 | CL-VaPUC | ||
| 008 | 091217e19040000CL |||||||||||||||||spa|d | ||
| 082 | 0 | 4 | |a 798.2 |b ROJ |2 21 |
| 100 | 0 | |a Rojas A., Arturo |e author |9 545648 | |
| 245 | 1 | 0 | |a Manual del jinete: alimentación y cuidado del caballo según el sistema francés, alemán, norteamericano y español y adaptado a los usos del país medicina veterinaria |
| 300 | |a 210 p | ||
| 942 | |c BK | ||
| 945 | |d 20091217 00:00:00 |a rbrito | ||
| 260 | |a Valparaíso |b Sud-Americana de Barra |c 1904 | ||
| 650 | 7 | |a EQUITACION |2 CL-VaPUC |9 368806 | |
| 650 | 7 | |a CABALLOS |2 CL-VaPUC |9 269057 | |
| 650 | 0 | |a Alimentación |9 334197 | |
| 650 | 7 | |a TERAPEUTICA |2 CL-VaPUC |9 310014 | |
| 650 | 0 | |a Medicina veterinaria |9 402839 | |
| 583 | |a last modification |c 20091217 00:00:00 |k Rodrigo Vera | ||
| 999 | |c 338990 |d 338988 | ||
| 952 | |0 0 |1 0 |4 0 |6 798_200000000000000_ROJ_1904 |7 0 |8 X |9 432306 |a FDOBUD |b FDOBUD |d 2019-11-22 |i 4622596 |o 798.2 ROJ 1904 |p 4622596 |r 2019-11-22 |w 2019-11-22 |y BK_X |k BUD | ||